00463pab a2200133 454500008004000000100002400040245012400064260000900188300001400197650003900211650002700250700001900277773003300296180718b2002 xxu||||| |||| 00| 0 eng d aRupananda, Widanage aStructural adjustment programmes and the rural agricultural economy: the case study of Monaragala district of Sri Lanka c2002 ap.119-37. aAgricultural economics - Sri Lanka aAgricultural economics aMensah, Joseph aRegional Development Studies